000 02461nam a22003137a 4500
001 9008
003 FISKH
005 20251113161823.0
008 251113b cb ||||| |||| 00| 0 eng d
020 _a9789996346187
040 _aFISKH
_bkhr
_cFISKH
_dFISKH
050 _aPZ7
082 _a823
100 _aFines, Soeun
245 _aកូនបង្កួយកូដូមូ /
_cនិពន្ធដោយលោក សុឺន ហ្វីណែស្វ , ពិនិត្យអក្ខរាវិរុទ្ធ អ្នកស្រី គឹមស៊ុន សុធារី , លោក ធី ចាន់ថន , អ្នកនាង វ៉ាត ចរិយា និង កញ្ញា វុិច វឌ្ឍនា​
260 _aPhnom Penh :
_bReading Books ,
_c2014.
300 _a20 pages :
_bcolor illustrations ;
_c25 cm .
490 _aពិភពរឿងនិទាន
505 _aK
520 _aកូដូមូ គឺជាឈ្មោះកូនបង្កួយដែលព្រាត់ប្រាសពីឳពុកម្តាយដោយសារមេធ្មប់ចាវ៉ាចាប់ទៅហើយជប់អោយខ្លាចទៅជាអាចម៏គោ ។ តែដើម្បីស្វែងរកឳពុកម្តាយហ៊ានទៅវិមានយាយធ្មប់ជាមួយមិត្តអណ្តើក និង ក្តាន់ដែលជាកន្លែងដែលគ្មានអ្នកហ៊ានទៅដល់ ។ ដោយសារតែភាពក្លាហាននេះទើបធ្វើអោយវាបានជួបជាមួយឳពុកម្តាយវាវិញ ។
520 _aKodomo was the name of alizard who was separated from his parents after being captured and cursed by the evil witch Java, who turned him into cow poo. Determined to find his parents, Kodomo bravely set out with his friends — a turtle and a rabbit — to the witch’s castle, a place no one had ever dared to go. Because of his courage, Kodomo was finally reunited with his parents.
521 8 _a520
_bLexile estimate
521 8 _aK
_bRaz-Plus
650 _aកូនបង្កួយកូដូមូ
_vរឿងនិទានកុមារ
650 _aKodomo the lizard
_vChildren's Stories
700 _aSaren, Koam
_eIllustrator
942 _2ddc
_cKHB
_n0
999 _c9008
_d9008